000 01942cam a2200289 i 4500
003 SA-RiAUC
005 20250714045849.0
008 250713s2012 su g 000 0bara c
020 _a9786030103751
024 0 _a00000000295895
040 _aSA-JeALM
_bara
_cSA-RiAUC
_dKAC
_erda
082 0 4 _a922.58
_qSA-RiAUC
090 _a922.58
_bج ب ر
100 1 _aالجبرين، عبد الرحمن بن عبد الله،
_d1381 هجري-
_eمؤلف.
245 1 0 _aأعجوبة العصر :
_bسيرة سماحة الشيخ العلامة الإمام د. عبد الله بن عبد الرحمن الجبرين-رحمه الله- /
_cيرويها ابنه د. عبد الرحمن بن عبد الله الجبرين.
250 _aالطبعة الأولى.
264 1 _aالرياض :
_bمؤسسة ابن جبرين الخيرية،
_c2012.
300 _a895 صفحة ؛
_c24 سم.
336 _aنص
_btxt
_2rdacontent
_3كتاب
337 _aبدون وسيط
_bn
_2rdamedia
338 _aمجلد
_bnc
_2rdacarrier
505 0 _aالمحتويات : المقدمة-تقديم-إضاءات-القسم الأول : البيئة الخصبة، الأسرة العالمة، الوليد المبارك ...-القسم الثاني : التكوين المسدد، مبادئ العلوم ...-القسم الثالث : العطاء المتجدد، نبوغ مبكر ...-القسم الرابع : الشخصية الفذة، الملامح والسمات ...-القسم الخامس : العقيدة والعبادة، عقيدة الشيخ ...-القسم السادس : شيخ الأمة-القسم السابع : مناهج متقنة-القسم الثامن : الرحيل.
600 1 7 _aابن جبرين، عبد الله بن عبد الرحمن بن عبد الله،
_d1352-1430 هجري
_2aucnm
650 7 _aالفقهاء السعوديون
_vتراجم
_2aucsh
942 _2ddc
_cBOOK
_n0
949 _aSA-JeALM
_d250713
_uosman123
_n1
999 _c9909
_d9909